Eurovision 2023 Final Results - Statistics

General Stats
  • This quiz has been taken 278 times
  • The average score is 25 of 37
Answer Stats
Position Points Answer % Correct
#2 526 Finland
99%
#1 583 Sweden
98%
#3 362 Israel
94%
#4 350 Italy
91%
#5 268 Norway
87%
#26 18 Germany
81%
#25 24 United Kingdom
77%
#9 151 Australia
75%
#7 182 Belgium
75%
#8 168 Estonia
75%
#6 243 Ukraine
75%
#16 104 France
71%
#17 100 Spain
70%
#15 120 Austria
68%
#10 129 Czechia
68%
#11 127 Lithuania
65%
#25 30 Serbia
65%
#23 59 Portugal
64%
#13 123 Croatia
63%
#12 126 Cyprus
62%
#36 (=) (16th in SF2) 0 San Marino
62%
#19 93 Poland
61%
#36 (=) (16th in SF2) 0 Romania
61%
#14 122 Armenia
60%
#21 78 Slovenia
59%
#20 92 Switzerland
58%
#22 76 Albania
57%
#27 (11th in SF2) 44 Iceland
56%
#29 (12th in SF2) 33 Georgia
55%
#28 (11th in SF1) 34 Latvia
54%
#18 96 Moldova
52%
#32 (13th in SF1) 7 Netherlands
51%
#35 (15th in SF1) 3 Malta
50%
#33 (14th in SF2) 6 Denmark
49%
#31 (12th in SF1) 10 Ireland
49%
#30 (13th in SF2) 14 Greece
48%
#34 (14th in SF1) 4 Azerbaijan
45%
No matching quizzes found
Score Distribution
Percent of People with Each Score
Percentile by Number Answered
Your Score History
You have not taken this quiz